000 00484nam a2200181Ia 4500
005 20250326123712.0
008 250326s9999 xx 000 0 und d
037 _aTextbook
040 _aFMSL
_beng
_cFMSL
041 _aeng
_2eng
084 _aX625 M5;1
_qFMSL
100 _aDE Kock M H
245 0 _aCentral banking
_cDE Kock M H
260 _aNew Delhi
_bNew Delhi, Universal Book
_c1985
300 _a325p
942 _cTB
_hX625 M5;1
999 _c1270570
_d1270570